|
|
|
|
| LEADER |
00916nam a2200205 i 4500 |
| 003 |
GR-PaULI |
| 005 |
20211230100208.0 |
| 008 |
211230s1960 gw g 000 1 ger d |
| 952 |
|
|
|0 0
|1 0
|2 ddc
|4 0
|6 833_600000000000000_GOE
|7 1
|9 353899
|a LISP
|b LISP
|c DON
|d 2021-12-30
|e ΨΥΧ
|i 254395
|l 0
|o 833.6 GOE
|p 025000280993
|r 2021-12-30 00:00:00
|t 1
|w 2021-12-30
|y BKN
|
| 999 |
|
|
|c 207507
|d 207507
|
| 040 |
|
|
|a GR-PaULI
|b gre
|c GR-PaULI
|e AACR2
|
| 082 |
0 |
4 |
|a 833.6
|2 23
|
| 100 |
1 |
|
|9 6850
|a Goethe, Johann Wolfgang von
|d 1749-1832,
|e συγγραφέας.
|
| 245 |
1 |
0 |
|a Iphigenia in Tauris :
|b ein Schauspiel /
|c Johann Wolfgang Goethe.
|
| 260 |
|
|
|a Stuttgart :
|b Philipp Reclam Jun.,
|c 1960.
|
| 300 |
|
|
|a 64 σ. ;
|c 15 εκ.
|
| 600 |
0 |
4 |
|9 169668
|a Ευριπίδης
|d 480-406
|t Ιφιγένεια η εν Ταύροις
|
| 650 |
|
4 |
|9 9120
|a Γερμανική λογοτεχνία
|y 18ος αιώνας
|
| 942 |
|
|
|2 ddc
|c BK
|
| 998 |
|
|
|c Σαλαμούρα
|d 2021-12
|